<?xml version="1.0" encoding="UTF-8"?>
<record
    xmlns:xsi="http://www.w3.org/2001/XMLSchema-instance"
    xsi:schemaLocation="http://www.loc.gov/MARC21/slim http://www.loc.gov/standards/marcxml/schema/MARC21slim.xsd"
    xmlns="http://www.loc.gov/MARC21/slim">

  <leader>00371    a2200109   4500</leader>
  <controlfield tag="001">ART_48292</controlfield>
  <controlfield tag="005">20260410161757.0</controlfield>
  <controlfield tag="008">260409a                                 </controlfield>
  <datafield tag="245" ind1="1" ind2="0">
    <subfield code="a">Impuesto a las ganancias. Renta financiera. Bonos o t&#xED;tulos emitidos por debajo del valor nominal</subfield>
  </datafield>
  <datafield tag="100" ind1="1" ind2=" ">
    <subfield code="a">Volman, Mario</subfield>
  </datafield>
  <datafield tag="773" ind1="0" ind2=" ">
    <subfield code="t">Doctrina tributaria</subfield>
    <subfield code="g">- N&#xB0;467 (feb. 2019)</subfield>
    <subfield code="w">REV4296</subfield>
  </datafield>
  <datafield tag="999" ind1=" " ind2=" ">
    <subfield code="c">20210</subfield>
    <subfield code="d">20210</subfield>
  </datafield>
</record>
